Routledge Handbook of Climate Change Impacts on Indigenous Peoples and Local Communities (Record no. 81556)

MARC details
000 -LEADER
fixed length control field 03303namaa2200457uu 4500
001 - CONTROL NUMBER
control field doab132047
003 - CONTROL NUMBER IDENTIFIER
control field oapen
005 - DATE AND TIME OF LATEST TRANSACTION
control field 20260218110455.0
006 - FIXED-LENGTH DATA ELEMENTS--ADDITIONAL MATERIAL CHARACTERISTICS
fixed length control field m o d
007 - PHYSICAL DESCRIPTION FIXED FIELD--GENERAL INFORMATION
fixed length control field cr|mn|---annan
008 - FIXED-LENGTH DATA ELEMENTS--GENERAL INFORMATION
fixed length control field 231216s2024 xx |||||o ||| 0|eng d
020 ## - INTERNATIONAL STANDARD BOOK NUMBER
International Standard Book Number 9781003356837
020 ## - INTERNATIONAL STANDARD BOOK NUMBER
International Standard Book Number 9781003356837
020 ## - INTERNATIONAL STANDARD BOOK NUMBER
International Standard Book Number 9781032412139
020 ## - INTERNATIONAL STANDARD BOOK NUMBER
International Standard Book Number 9781032412153
024 7# - OTHER STANDARD IDENTIFIER
Standard number or code 10.4324/9781003356837
Source of number or code doi
040 ## - CATALOGING SOURCE
Original cataloging agency oapen
Transcribing agency oapen
Modifying agency
041 0# - LANGUAGE CODE
Language code of text/sound track or separate title eng
042 ## - AUTHENTICATION CODE
Authentication code dc
245 00 - TITLE STATEMENT
Title Routledge Handbook of Climate Change Impacts on Indigenous Peoples and Local Communities
260 ## - PUBLICATION, DISTRIBUTION, ETC.
Name of publisher, distributor, etc. Taylor & Francis
Date of publication, distribution, etc. 2024
300 ## - PHYSICAL DESCRIPTION
Extent 1 online resource (447 p.)
336 ## - CONTENT TYPE
Content type term text
Content type code txt
Source rdacontent
337 ## - MEDIA TYPE
Media type term computer
Media type code c
Source rdamedia
338 ## - CARRIER TYPE
Carrier type term online resource
Carrier type code cr
Source rdacarrier
490 1# - SERIES STATEMENT
Series statement Routledge Environment and Sustainability Handbooks
506 0# - RESTRICTIONS ON ACCESS NOTE
Standardized terminology for access restriction Unrestricted online access
Source of term star
520 ## - SUMMARY, ETC.
Summary, etc. This Handbook examines the diverse ways in which climate change impacts Indigenous Peoples and local communities and considers their response to these changes. While there is well-established evidence that the climate of the Earth is changing, the scarcity of instrumental data oftentimes challenges scientists' ability to detect such impacts in remote and marginalized areas of the world or in areas with scarce data. Bridging this gap, this Handbook draws on field research among Indigenous Peoples and local communities distributed across different climatic zones and relying on different livelihood activities, to analyse their reports of and responses to climate change impacts. It includes contributions from a range of authors from different nationalities, disciplinary backgrounds, and positionalities, thus reflecting the diversity of approaches in the field. The Handbook is organised in two parts: Part I examines the diverse ways in which climate change - alone or in interaction with other drivers of environmental change - affects Indigenous Peoples and local communities; Part II examines how Indigenous Peoples and local communities are locally adapting their responses to these impacts. Overall, this book highlights Indigenous and local knowledge systems as an untapped resource which will be vital in deepening our understanding of the effects of climate change. The Routledge Handbook of Climate Change Impacts on Indigenous Peoples and Local Communities will be an essential reference text for students and scholars of climate change, anthropology, environmental studies, ethnobiology, and Indigenous studies.
536 ## - FUNDING INFORMATION NOTE
Text of note FP7 Ideas: European Research Council
536 ## - FUNDING INFORMATION NOTE
Text of note Universitat Autònoma de Barcelona
540 ## - TERMS GOVERNING USE AND REPRODUCTION NOTE
Terms governing use and reproduction Creative Commons
-- https://creativecommons.org/licenses/by-nc-nd/4.0/
-- cc
Uniform Resource Identifier <a href="https://creativecommons.org/licenses/by-nc-nd/4.0/">https://creativecommons.org/licenses/by-nc-nd/4.0/</a>
546 ## - LANGUAGE NOTE
Language note English
650 #7 - SUBJECT ADDED ENTRY--TOPICAL TERM
Topical term or geographic name entry element Climate change
Source of heading or term bicssc
650 #7 - SUBJECT ADDED ENTRY--TOPICAL TERM
Topical term or geographic name entry element Indigenous peoples
Source of heading or term bicssc
650 #7 - SUBJECT ADDED ENTRY--TOPICAL TERM
Topical term or geographic name entry element Social & cultural anthropology, ethnography
Source of heading or term bicssc
720 1# - ADDED ENTRY--UNCONTROLLED NAME
Name Reyes García, Victoria
Relator code edt
720 1# - ADDED ENTRY--UNCONTROLLED NAME
Name Reyes García, Victoria
Relator code oth
793 0# -
-- DOAB Library.
856 ## - ELECTRONIC LOCATION AND ACCESS
Uniform Resource Identifier <a href="https://docs.google.com/spreadsheets/d/1yKIrdCPDAG_9c22mwoOIO2DOhtj65Wqa/edit?usp=sharing&ouid=106555315294820607512&rtpof=true&sd=true ">https://docs.google.com/spreadsheets/d/1yKIrdCPDAG_9c22mwoOIO2DOhtj65Wqa/edit?usp=sharing&ouid=106555315294820607512&rtpof=true&sd=true </a>
Link text List of Curated E-Books
942 ## - ADDED ENTRY ELEMENTS (KOHA)
Koha item type E-Book
Holdings
Withdrawn status Damaged status Not for loan Home library Current library Date acquired Total Checkouts Date last seen Price effective from Koha item type
      Directory of Open Access Books Directory of Open Access Books 12/09/2024   12/09/2024 12/09/2024 E-Book

University of Rizal System
Email us at univlibservices@urs.edu.ph

Visit our Website www.urs.edu.ph/library